000 01691nam a2200433Ia 4500
001 ebr10152640
003 CaPaEBR
006 m u
007 cr cn|||||||||
008 060802s2006 cauab sb 000 0 eng d
010 _z 2006025205
020 _z9780833039309 (v. 1 : pbk. : alk. paper)
020 _z083303930X (v. 1 : pbk. : alk. paper)
024 3 _z9780833039309
040 _aCaPaEBR
_cCaPaEBR
035 _a(OCoLC)826510500
050 1 4 _aHV6431
_b.B493 2006eb
245 0 4 _aThe global Jihadist movement
_h[electronic resource] /
_cAngel Rabasa ... [et al.].
260 _aSanta Monica, CA :
_bRand Corporation,
_cc2006.
300 _axxxix, 186 p. :
_bill., maps.
490 0 _aBeyond al-Qaeda ;
_v1
500 _a"MG-429-AF"--p. [4] of cover, v. 1.
500 _a"MG-430-AF"--p. [4] of cover, v. 2.
500 _a"Prepared for the United States Air Force."
500 _a"Project Air Force."
504 _aIncludes bibliographical references.
533 _aElectronic reproduction.
_bPalo Alto, Calif. :
_cebrary,
_d2011.
_nAvailable via World Wide Web.
_nAccess may be limited to ebrary affiliated libraries.
610 2 0 _aQaida (Organization)
650 0 _aTerrorists.
650 0 _aTerrorism
_xGovernment policy
_zUnited States.
650 0 _aTerrorism
_zUnited States
_xPrevention.
650 0 _aWar on Terrorism, 2001-2009.
655 7 _aElectronic books.
_2local
700 1 _aRabasa, Angel.
710 1 _aUnited States.
_bAir Force.
710 2 _aProject Air Force (U.S.)
710 2 _aebrary, Inc.
856 4 0 _uhttp://site.ebrary.com/lib/rucke/Doc?id=10152640
_zAn electronic book accessible through the World Wide Web; click to view
999 _c95643
_d95643